000 00345nam a22001457a 4500
008 210308b ||||| |||| 00| 0 eng d
020 _a9780130900722
041 _aeng
080 _a316
082 _a316
100 _a50
101 _aSOC
245 _aCulture in Rehabilitation from Competency to Proficiency
_cRoyeen, M
942 _2udc
_cBK
999 _c55907
_d55907